000 00649ngm a2200265 a 4500
003 OSt
005 20251020182700.0
008 240217s9999 xx 000 0 und d
040 _aPE SENCICO BE
040 _cPE SENCICO BE
041 _aspa
082 _aJ019
245 0 _aAplicaciones de Spot en aspectos de topografĂ­a tridimensional /
245 0 _cEkodes Consultores S.A.
260 _bEkodes Consultores S.A.
260 _c1999
300 _a1 VIDEO
300 _bson., Col.
300 _c17'
490 _aINFORMACION GEOGRAFICA
511 _aSosa Talavera, Jaime
650 _aSPOT
910 _aila.
942 _cVID
_2ddc
999 _c4797
_d4797